Bóveda C. Sociales : 7º E.G.B.
Gespeichert in:
| Körperschaft: | |
|---|---|
| Format: | Buch |
| Sprache: | Spanisch |
| Erschienen: |
Madrid :
Anaya,
1984
|
| Katalog: | MANES: Suchergebnis im Bibliothekskatalog |
| Schulbuchspezifische Eigenschaften: |
|
| Tags: |
Tag hinzufügen
Keine Tags, Fügen Sie den ersten Tag hinzu!
|
| Hinzugefügt zu: | 09.02.2019 |
| Geändert in: | 07.05.2025 |
MARC
| LEADER | 00000camma2200000 i 4500 | ||
|---|---|---|---|
| 005 | 20250507134456.0 | ||
| 008 | 190210s1984 espab fp 000 0 spa d | ||
| 020 | |a 8420723959 | ||
| 040 | |a uned |b spa |c entro-manes | ||
| 110 | 2 | |a Equipo Aula 3 . | |
| 245 | 1 | 0 | |a Bóveda C. Sociales : |b 7º E.G.B. / |c Equipo Aula 3 |
| 260 | |a Madrid : |b Anaya, |c 1984 | ||
| 300 | |a 237 p. : |b il. + |e Apéndice cartográfico | ||
| 546 | |a España | ||
| 561 | |5 es-BUNED |3 L.T.M. 2259 |a España. Fondo Manes UNED |k MANES | ||
| 690 | 0 | |a CS | |
| 691 | 0 | |a PRI | |
| 942 | |2 ddc |c BK | ||
| 999 | |c 95293 |d 95293 | ||
| 999 | |c manes:95293 |d 95293 | ||